00678nam a2200217Ia 450000500170000000800410001702000210005804100080007908200150008710000200010224500340012226000300015630000090018650000290019565000360022470000200026090600060028094200070028699900170029395201500031020251113224831.0230125s9999 xx 000 0 und d a10-81-223-0053-7 aeng a158.1bGUP aGupta S9214896 aCorrect Manners and Etiquette c2007bPustak MahalaDelhi a151p aPersonality Development, aPersonality Development9213420 aGupta S9214896 b8 cBK c85502d85502 00104070aHIMRbHIMRd2008-03-31eCrosswordg80.00iC063l0o158.1 GUP B06220pHIMR-BK-6220r2023-01-25 00:00:00v72.00w2008-03-24yBKzB06220